000 00963nam a2200265 i 4500
001 100673
003 ES-MaACL
005 20250903011158.0
007 t|
008 051004s1974 sp d |||| | spa d
080 _a51
245 0 3 _aLa matemática
_b: su contenido, métodos y significado /
_cA. D. Aleksandrov, A. N. Kolmogorov, M. A. Laurentiev ; versión, Manuel López Rodríguez, Eduardo Abad Rius, Andrés Ruiz Merino.
260 _aMadrid :
_bAlianza,
_c1974.
300 _a3 v. :
_bgráf. ;
_c20 cm.
490 1 _aAlianza universidad ;
_v68-70
650 0 7 _aMatemáticas
_2embne
_914814
700 1 _aAleksandrov, Aleksandr Danilovich.
_9149867
700 1 _aLópez Rodríguez, Manuel.
_973933
700 1 _aAbad Rius, Eduardo,
_917938
700 1 _aRuiz Merino, Andrés.
_9100875
830 0 _aAlianza universidad ;
_v68-70
_9177276
852 _aES-MaACL
_jC-56760-62
852 _aES-MaACL
_jE-6363-65
999 _c100673
_d100673